书目信息 |
| 题名: |
布莱希特传
|
|
| 作者: | 朱万江 著 | |
| 分册: | ||
| 出版信息: | 长春 时代文艺出版社 2015 |
|
| 页数: | 182页 | |
| 开本: | 23cm | |
| 丛书名: | 世界文学大师传记丛书 | |
| 单 册: | ||
| 中图分类: | K835.165.6=532 , K835.16 | |
| 科图分类: | ||
| 主题词: | ||
| 电子资源: | ||
| ISBN: | 978-7-5387-4874-1 | |
| 000 | 00911nam0 2200253 450 | |
| 001 | 2352831974 | |
| 005 | 20231117110121.81 | |
| 010 | @a978-7-5387-4874-1@dCNY36.00 | |
| 100 | @a20210824e2015 em y0chiy50 ea | |
| 101 | 0 | @achi |
| 102 | @aCN@b220000 | |
| 105 | @ay z 000yb | |
| 200 | 1 | @a布莱希特传@Abu lai xi te zhuan@f朱万江著 |
| 210 | @a长春@c时代文艺出版社@d2015@h2021重印 | |
| 215 | @a182页@d23cm | |
| 225 | 2 | @a世界文学大师传记丛书 |
| 330 | @a本书讲述了德国伟大戏剧家布莱希特的人生经历,内容包括:非同一般的青少年时期、踏上人生路、历经坎坷期、谁与争锋、绝不退缩、人生转折站、最美的绽放、傲梅出自苦寒来、人生最大的挑战、终返故乡等。 | |
| 410 | 0 | @12001 @a世界文学大师传记丛书 |
| 600 | 0 | @a布莱希特@c(Brecht, Bertolt@f1898-1956)@x传记 |
| 690 | @aK835.165.6=532@v5 | |
| 690 | @aK835.16@v4 | |
| 701 | 0 | @a朱万江@Azhu wan jiang@4著 |
| 801 | 0 | @aCN@b91MARC@c20211128 |
| 905 | @aZUCC@dK835.16@e35 | |
| 布莱希特传/朱万江著.-长春:时代文艺出版社,2015(2021重印) |
| 182页;23cm.-(世界文学大师传记丛书) |
| ISBN 978-7-5387-4874-1:CNY36.00 |
| 本书讲述了德国伟大戏剧家布莱希特的人生经历,内容包括:非同一般的青少年时期、踏上人生路、历经坎坷期、谁与争锋、绝不退缩、人生转折站、最美的绽放、傲梅出自苦寒来、人生最大的挑战、终返故乡等。 |
| ● |
| 相关链接 |
|
|
|
正题名:布莱希特传
索取号:K835.16/35
 
预约/预借
| 序号 | 登录号 | 条形码 | 馆藏地/架位号 | 状态 | 备注 |
| 1 | 2001015041 | 2001015041 | 第四书库/四31架A面5层5列/ [索取号:K835.16/35] | 在馆 | |
| 2 | 2001015042 | 2001015042 | 第四书库/四31架A面5层5列/ [索取号:K835.16/35] | 在馆 | |
| 3 | 2001015043 | 2001015043 | 第四书库/四31架A面5层5列/ [索取号:K835.16/35] | 在馆 | |
| 4 | 2001015044 | 2001015044 | 第四书库/四31架A面5层5列/ [索取号:K835.16/35] | 在馆 | |
| 5 | 2001015045 | 2001015045 | 第四书库/四31架A面5层5列/ [索取号:K835.16/35] | 在馆 | |
| 6 | 2001015046 | 2001015046 | 第四书库/四31架A面5层5列/ [索取号:K835.16/35] | 在馆 |